| 000 | 00362 a2200157 4500 | ||
|---|---|---|---|
| 001 | 188623 | ||
| 020 | _a0+19-423202-6 | ||
| 040 | _cMagnum | ||
| 100 | _aViney, Brigit | ||
| 240 | 1 | 0 |
_aThe history of the english language _lING |
| 245 | 1 | 0 | _aThe history of the english language |
| 300 | _a62 | ||
| 362 | 0 | _a2003 | |
| 697 | _aLITERATURA INGLESA | ||
| 942 | _cBK | ||
| 999 |
_c188623 _d188623 |
||